|
|
|
|
| LEADER |
02623nam a22005415i 4500 |
| 001 |
978-3-642-31677-7 |
| 003 |
DE-He213 |
| 005 |
20151125193642.0 |
| 007 |
cr nn 008mamaa |
| 008 |
121214s2013 gw | s |||| 0|eng d |
| 020 |
|
|
|a 9783642316777
|9 978-3-642-31677-7
|
| 024 |
7 |
|
|a 10.1007/978-3-642-31677-7
|2 doi
|
| 040 |
|
|
|d GrThAP
|
| 050 |
|
4 |
|a QE1-996.5
|
| 072 |
|
7 |
|a RBG
|2 bicssc
|
| 072 |
|
7 |
|a SCI031000
|2 bisacsh
|
| 082 |
0 |
4 |
|a 551
|2 23
|
| 245 |
1 |
0 |
|a CLEAN
|h [electronic resource] :
|b CO2 Large-Scale Enhanced Gas Recovery in the Altmark Natural Gas Field - GEOTECHNOLOGIEN Science Report No. 19 /
|c edited by Michael Kühn, Ute Münch.
|
| 264 |
|
1 |
|a Berlin, Heidelberg :
|b Springer Berlin Heidelberg :
|b Imprint: Springer,
|c 2013.
|
| 300 |
|
|
|a X, 202 p.
|b online resource.
|
| 336 |
|
|
|a text
|b txt
|2 rdacontent
|
| 337 |
|
|
|a computer
|b c
|2 rdamedia
|
| 338 |
|
|
|a online resource
|b cr
|2 rdacarrier
|
| 347 |
|
|
|a text file
|b PDF
|2 rda
|
| 490 |
1 |
|
|a Advanced Technologies in Earth Sciences, 2190-1643,
|x 2190-1635
|
| 505 |
0 |
|
|a 1.Introduction to the joint research project CLEAN: CO2 Large-scale Enhanced gas recovery in the Altmark Natural gas fields -- 2. Technical Aspects of CO2 Injection -- 3.Well Integrity -- 4. Evaluation of Geo-Processes -- 5. Reservoir and Cap Rock Monitoring -- 6. Environmental and Process Monitoring -- 7. Theoretical test case of the injection of 100,000 t of CO2 into the Altmark depleted gas field -- 8. Public Outreach.
|
| 520 |
|
|
|a The project CLEAN (CO2 Large-Scale Enhanced Gas Recovery in the Altmark Natural Gas Field) provides site specific knowledge for a potential future pilot project. This contributed volume gives an overview and final results of the entire project which is finalized to the end of 2012.
|
| 650 |
|
0 |
|a Earth sciences.
|
| 650 |
|
0 |
|a Analytical chemistry.
|
| 650 |
|
0 |
|a Geology.
|
| 650 |
|
0 |
|a Computer simulation.
|
| 650 |
|
0 |
|a Electric power production.
|
| 650 |
|
0 |
|a Sustainable development.
|
| 650 |
1 |
4 |
|a Earth Sciences.
|
| 650 |
2 |
4 |
|a Geology.
|
| 650 |
2 |
4 |
|a Energy Technology.
|
| 650 |
2 |
4 |
|a Sustainable Development.
|
| 650 |
2 |
4 |
|a Analytical Chemistry.
|
| 650 |
2 |
4 |
|a Simulation and Modeling.
|
| 700 |
1 |
|
|a Kühn, Michael.
|e editor.
|
| 700 |
1 |
|
|a Münch, Ute.
|e editor.
|
| 710 |
2 |
|
|a SpringerLink (Online service)
|
| 773 |
0 |
|
|t Springer eBooks
|
| 776 |
0 |
8 |
|i Printed edition:
|z 9783642316760
|
| 830 |
|
0 |
|a Advanced Technologies in Earth Sciences, 2190-1643,
|x 2190-1635
|
| 856 |
4 |
0 |
|u http://dx.doi.org/10.1007/978-3-642-31677-7
|z Full Text via HEAL-Link
|
| 912 |
|
|
|a ZDB-2-EES
|
| 950 |
|
|
|a Earth and Environmental Science (Springer-11646)
|